El dogma católico / (Record no. 130287)

MARC details
000 -LEADER
campo de control de longitud fija 00683nam a2200217 i 4500
001 - NÚMERO DE CONTROL
campo de control 130287
003 - IDENTIFICADOR DE NÚMERO DE CONTROL
campo de control ES-MaACL
005 - FECHA Y HORA DE LA ÚLTIMA TRANSACCIÓN
campo de control 20250728110714.0
007 - CAMPO FIJO DE DESCRIPCIÓN FÍSICA--INFORMACIÓN GENERAL
campo de control de longitud fija t|
008 - DATOS DE LONGITUD FIJA--INFORMACIÓN GENERAL
campo de control de longitud fija 070725s1970 sp a |||| | spa d
100 1# - ENTRADA PRINCIPAL--NOMBRE DE PERSONA
Nombre de persona Zahonero Vivó, José.
9 (RLIN) 117851
245 13 - MENCIÓN DEL TÍTULO
Título El dogma católico /
Mención de responsabilidad, etc. por José Zahonero Vivó..., Miguel A. Martín Penalba.
250 ## - MENCION DE EDICION
Mención de edición 10ª ed.
260 ## - PUBLICACIÓN, DISTRIBUCIÓN, ETC.
Lugar de publicación, distribución, etc. Alcoy :
Nombre del editor, distribuidor, etc. Marfil,
Fecha de publicación, distribución, etc. 1970.
300 ## - DESCRIPCIÓN FÍSICA
Extensión 222 p. :
Otras características físicas il. ;
Dimensiones 21 cm.
500 ## - NOTA GENERAL
Nota general Precede al tít.: Estudios de Bachillerato. Sexto Curso.
650 07 - PUNTO DE ACCESO ADICIONAL DE MATERIA--TÉRMINO DE MATERIA
Término de materia o nombre geográfico como elemento de entrada Religión
Fuente del encabezamiento o término embne
9 (RLIN) 16797
700 1# - ENTRADA AGREGADA--NOMBRE PERSONAL
Nombre de persona Martín Penalba, Miguel A.
9 (RLIN) 77600
852 ## - LOCALIZACIÓN
Ubicación ES-MaACL
Número de control de estantería C-45695
Holdings
Estatus retirado Estado de pérdida Estado de daño No para préstamo Biblioteca de origen Biblioteca actual Ubicación en estantería Fecha de adquisición Fuente de adquisición Total de préstamos Signatura topográfica completa Código de barras Visto por última vez Precio de reemplazo Tipo de ítem Koha
        Biblioteca del Ateneo de Madrid Biblioteca del Ateneo de Madrid Depósito 2 17/01/2008     C-45695 1135658 23/02/2023 23/02/2023 Libro impreso